00706nam a2200193Ia 4500952015600000999001700156003000400173005001700177008004100194020001700235040000900252082002200261100002900283245006800312260005800380300001000438650001400448942005000462 00102ddc40708ECONOMICSaMESbMEScECO d2019-02-20g427.50l20m21o330.015195 DOW/Ip26260r2025-12-03 12:09:03s2025-10-28w2019-02-20yBKzGL2R3 c10538d10538OSt20191226120124.0190216s9999||||xx |||||||||||||| ||und|| a978007118875 coclc a330.015195bDOW/I a Dowling, Edward T9772 0aIntroduction To Mathematicals Economics /c Edward T Dowling bMcgraw-Hill International Edition,c2001.aNew Delhi: a523 p aEconomics cBK2ddch330.015195iDOW/Ik330.015195mDOW/I